Normal view
MARC view
Entry Personal Name
001 - CONTROL NUMBER
- control field: 8764
003 - CONTROL NUMBER IDENTIFIER
- control field: BD-RjUL
005 - DATE AND TIME OF LATEST TRANSACTION
- control field: 20230903192847.0
008 - FIXED-LENGTH DATA ELEMENTS
- fixed length control field: 230903|| aca||aabn | a|a d
040 ## - CATALOGING SOURCE
- Original cataloging agency: BD-RjUL
- Transcribing agency: BD-RjUL
100 ## - HEADING--PERSONAL NAME
- Personal name: Akhter, Hasina, Supervisor
670 ## - SOURCE DATA FOUND
- Source citation: Work cat.: (BD-RjUL)81841: Yusuf, Nahid 8761, Cervical cancer screening by simple visual inspection after acetic acid /, 2012